Mga e-aralin ng ibong adarna (Record no. 344953)
[ view plain ]
| 000 -LEADER | |
|---|---|
| fixed length control field | 00712nam a22001937a 4500 |
| 003 - CONTROL NUMBER IDENTIFIER | |
| control field | SISC |
| 005 - DATE AND TIME OF LATEST TRANSACTION | |
| control field | 20190128094811.0 |
| 008 - FIXED-LENGTH DATA ELEMENTS--GENERAL INFORMATION | |
| fixed length control field | 171109b xxu||||| |||| 00| 0 eng d |
| 050 ## - LIBRARY OF CONGRESS CALL NUMBER | |
| Classification number | CD PL 6061.2 |
| Item number | .M43 |
| 245 ## - TITLE STATEMENT | |
| Title | Mga e-aralin ng ibong adarna |
| 260 ## - PUBLICATION, DISTRIBUTION, ETC. (IMPRINT) | |
| Place of publication, distribution, etc | [Philippines] : |
| Name of publisher, distributor, etc | C&E Publishing, |
| Date of publication, distribution, etc | 2011. |
| 300 ## - PHYSICAL DESCRIPTION | |
| Extent | 1 CD |
| 440 ## - SERIES STATEMENT/ADDED ENTRY--TITLE | |
| Title | CE-Learning |
| 538 ## - SYSTEM DETAILS NOTE | |
| System details note | System requirements: MIcrosoft Windows XP or Higher, MAC OS X ver. 10.4 or Higher, 512 MB, Adobe Flash Player v.8+ |
| 650 ## - SUBJECT ADDED ENTRY--TOPICAL TERM | |
| Source of heading or term | Library of Congress Subject Headings |
| Topical term or geographic name as entry element | Feature films |
| Geographic subdivision | Philippines |
| 650 ## - SUBJECT ADDED ENTRY--TOPICAL TERM | |
| Source of heading or term | Library of Congress Subject Headings |
| Topical term or geographic name as entry element | Folklore |
| General subdivision | Juvenile literature |
| Geographic subdivision | Philippines |
| 942 ## - ADDED ENTRY ELEMENTS (KOHA) | |
| Source of classification or shelving scheme | Library of Congress Classification |
| Koha item type | Audio Visual Materials |
| Withdrawn status | Lost status | Source of classification or shelving scheme | Damaged status | Home library | Current library | Shelving location | Date acquired | Source of acquisition | Total Checkouts | Full call number | Barcode | Date last seen | Price effective from | Koha item type | Sub Shelving location |
|---|---|---|---|---|---|---|---|---|---|---|---|---|---|---|---|
| Library of Congress Classification | Luxembourg Library | Luxembourg Library | Audio Visual Material Section | 11/09/2017 | Library Fund | CD PL 6061.2 .M43 | AV1561 | 11/09/2017 | 11/09/2017 | Audio Visual Materials | |||||
| Library of Congress Classification | Luxembourg Library | Luxembourg Library | Audio Visual Material Section | 01/15/2019 | Library Fund | CD PL 6061.2 .M43 | AV1563 | 01/15/2019 | 01/15/2019 | Audio Visual Materials |